00631 2200193 4500001002100000005001700021008004100038020002300079035002400102082000800126090001400134100002000148245014900168260003200317300002400349504002600373650002000399990001800419YOGYA-0412000000041020120423235200.0 ind  a979 - 685 - 273 -x 0010-041200000000410 a811 a811 Tas S aTASAI, S. Amran aSemangat nasionalisme dalam puisi sebelum kemerdekaan / S. Amran Tasai , maini Trisna Jayawati , Ni Nyoman Subardini ; penyunting, Prih Suaharto aJakartabPusat Bahasac2004 aix , 113 hlmc21 cm aBibliografi : hlm 113 aPuisi Indonesia a564-BPAD/A.04